000 00272nam a22001217a 4500
999 _c167805
_d167805
082 _a
_b
100 _aShukla Bhasker A
245 _aModernism and post modernism/
_cby Shukla Bhasker A
260 _a
_bSunrise,
_c2008.
300 _a200p.
650 _a
942 _cBK